|
|
|
|
| LEADER |
01027nam a2200253 a 4500 |
| 001 |
708801 |
| 008 |
090706s1997 caua be 001 0 eng d |
| 010 |
|
|
|a 97022028
|
| 020 |
|
|
|a 087436888X (acid-free paper)
|
| 040 |
|
|
|a DLC
|c DLC
|d DLC
|
| 082 |
0 |
0 |
|a 810/.3
|2 21
|
| 100 |
1 |
|
|a Snodgrass, Mary Ellen.
|
| 245 |
1 |
0 |
|a Encyclopedia of frontier literature /
|c Mary Ellen Snodgrass.
|
| 260 |
|
|
|a Santa Barbara, Calif. :
|b ABC-CLIO,
|c c1997.
|
| 300 |
|
|
|a xviii, 540 p. :
|b ill. ;
|c 26 cm.
|
| 490 |
1 |
|
|a ABC-CLIO literary companion
|
| 504 |
|
|
|a Includes bibliographical references (p. 473-517) and index.
|
| 541 |
1 |
|
|e 00016548
|
| 650 |
|
0 |
|a American literature
|v Encyclopedias.
|
| 650 |
|
0 |
|a Frontier and pioneer life in literature
|v Encyclopedias.
|
| 651 |
|
0 |
|a America
|x Literatures
|v Encyclopedias.
|
| 852 |
4 |
|
|a Ayesha Abed Library
|j General shelf
|
| 999 |
|
|
|c 2040
|d 2040
|
| 952 |
|
|
|0 0
|1 0
|2 ddc
|4 0
|6 810_300000000000000_SNO_1997
|7 0
|9 1876
|a BRACUL
|b BRACUL
|c GEN
|d 2009-07-06
|l 2
|m 30
|o 810.3 SNO
|p 3010016548
|r 2025-07-08
|s 2024-11-06
|t 1
|w 2009-07-06
|y BK
|